000 00405nam a2200133Ia 4500
008 211119s9999||||xx |||||||||||||| ||und||
082 _a390
_bKOM-N
100 _aKomath, Rajesh
245 0 _aNaattudaivangal Samsarichu Thudangumpol
260 _bMathrubhumi Books
_aKottayam
_c2013
300 _a198p
650 _aSocial sciences
_v Customs, etiquette & folklore Malayalam
_xGeneral Stack
942 _cBOOK
999 _c119823
_d119823